Demon Slayer: Guess all main characters - Statistics

General Stats
  • This quiz has been taken 284 times
  • The average score is 33 of 54
Answer Stats
Hint Answer % Correct
Kamado Tanjiro
100%
Kamado Nezuko
99%
Agatsuma Zenitsu
94%
Hashibira Inosuke
92%
Uzui Tengen
90%
Tomioka Giyu
89%
Shinazugawa Sanemi
89%
Kocho Shinobu
89%
Shinazugawa Genya
87%
Kanroji Mitsuri
87%
Iguro Obanai
87%
Tokito Muichiro
85%
Himejima Gyomei
82%
Tsuyuri Kanao
81%
Demon King Muzan
81%
Upper 3 Akaza
80%
Upper 6 Daki
77%
Upper 2 Douma
75%
Rengoku Kyojuro
74%
Upper 6 Gyutaro
71%
Kocho Kanae
71%
Upper 1 Kokushibo
69%
Demon lady Tamayo
69%
Giyu's friend Sabito
68%
Kanzaki Aoi
67%
Upper 5 Gyokko
64%
Lower 5 Rui
63%
Original Sun User Yoriichi
61%
Lower 1 Enmu
59%
Upper 4 Hantengu
59%
Tengen's Wife Makio
59%
Tengen's Wife Suma
59%
Tengen's Wife Hinatsuru
56%
Guy with Tamayo Yushiro
56%
Giyu's friend Makomo
54%
New Upper 4 Nakime
54%
New upper 6 Kaigaku
53%
Tokito Yuichiro
50%
Demon Slay Corp Leader Kagaya
49%
Rengoku Senjuro
44%
Demon Slayer Murata
43%
Swordsmith Haganezuka
42%
Urokodaki Sakonji
39%
Rengoku Shinjuro
38%
Ball Demon Susamaru
36%
former lower 6 Kyogai
35%
Butterfly Mansion Sumi
32%
Butterfly Mansion Naho
30%
Arrow Demon Yahaba
29%
Old Thunder Hashira Jigoro
28%
Butterfly Mansion Kiyo
27%
Obanai's Snake Kaburamaru
26%
Swordsmith Kanamori
16%
Demon Slayer Assistant Goto
12%
No matching quizzes found
Score Distribution
Percent of People with Each Score
Percentile by Number Answered
Your Score History
You have not taken this quiz